Score 0/7 Timer 03:00
0 Plays Today
Question Answer Wrong Answers
This singer receives second-degree burns when his hair catches fire during the filming of a commercial for Pepsi.
1984
Michael Jackson
87.6%
George Michael
4.6%
Lionel Richie
4.4%
Sting
1.7%
The trial is held for Guy Fawkes and his co-conspirators in the __________ Plot.
1606
Gunpowder
84.1%
Vendetta
8.8%
Jesuit
2.1%
Crossbow
4.6%
This Divine Comedy author is exiled from Florence.
1302
Dante Alighieri
82.6%
Niccolò Machiavelli
11.5%
Giovanni Boccaccio
3.9%
Francesco Petrarca
1.8%
Charles Lutwidge Dodgson, better known as _________, is born in Daresbury, England.
1832
Lewis Carroll
82%
Mark Twain
6.4%
Acton Bell
1.5%
George Eliot
8.8%
The hit song 'Yeah!', by ______ featuring Lil Jon & Ludacris, is released.
2004
Usher
72.1%
R. Kelly
19.4%
Ciara
4.1%
Too Short
2.5%
Suharto, the 2nd President of ________, dies at the age of 86.
2008
Indonesia
64.4%
Thailand
13.6%
Nigeria
9.1%
Mozambique
10.9%
A Russian expedition led by Fabian Gottlieb von Bellingshausen and Mikhail Petrovich Lazarev discovers this landmass.
1820
Antarctica
52.9%
Greenland
30.8%
Svalbard
9.1%
Sakhalin
6.4%
Remove Ads.
Support Sporcle.
Get the best of Sporcle when you Go Orange. This ad-free experience offers more features, more stats, and more fun while also helping to support Sporcle. Thank you for becoming a member.

You're not logged in!

Compare scores with friends on all Sporcle quizzes.
OR
Log In

Show Comments

Extras

Top Quizzes Today


Score Distribution

Your Account Isn't Verified!

In order to create a playlist on Sporcle, you need to verify the email address you used during registration. Go to your Sporcle Settings to finish the process.

Report this User

Report this user for behavior that violates our Community Guidelines.

Details: